[Event "15th LCC Super Rapid 2025"]
[Site "London ENG"]
[Date "2025.12.07"]
[Round "10.31"]
[White "Mikhalevski, Victor"]
[Black "Hobson, Kenneth"]
[Result "1/2-1/2"]
[WhiteTitle "GM"]
[BlackTitle "FM"]
[WhiteElo "2504"]
[BlackElo "2307"]
[WhiteFideId "2801914"]
[BlackFideId "480819"]
[EventDate "2025.12.06"]

1. Nf3 Nf6 2. g3 e6 3. Bg2 d5 4. O-O Be7 5. c4 O-O 6. b3 d4 7. e3 c5 8. Ne5 Qc7
9. f4 Nbd7 10. Nd3 Rd8 11. Na3 a6 12. Nc2 dxe3 13. dxe3 Rb8 14. e4 b5 15. e5 Ne8
16. Qe2 Nb6 17. Ne3 Bb7 18. Bxb7 Qxb7 19. Nf2 bxc4 20. bxc4 Na4 21. Qc2 Qc6 22.
Rb1 Rxb1 23. Qxb1 g6 24. Qb3 Ng7 25. Nfg4 Nf5 26. Nxf5 gxf5 27. Nf6+ Kg7 28.
Nh5+ Kh8 29. Be3 Nb6 30. Rb1 Qf3 31. Bf2 Qxh5 32. Qxb6 Rd2 33. Qb3 Kg7 34. Re1
Qg4 35. Kg2 h5 36. h3 Qg6 37. Rd1 Rxd1 38. Qxd1 h4 39. Kh2 hxg3+ 40. Bxg3 Kf8
41. Bf2 Qh6 42. Qf3 f6 43. Be3 fxe5 44. fxe5 Qh4 45. Bf4 Bg5 46. Bxg5 Qxg5 47.
Qf2 f4 48. Qxc5+ Kf7 49. Qa7+ Ke8 50. Qa8+ Ke7 51. Qb7+ Kf8 52. Qa8+ Ke7 53.
Qb7+ Kf8 54. Qc8+ Kg7 55. Qd7+ Kf8 56. Qc8+ Kg7 57. Qd7+ Kf8 58. Qxe6 Qg3+ 59.
Kh1 Qe1+ 60. Kg2 Qe2+ 61. Kg1 Qe1+ 62. Kg2 Qe2+ 63. Kg1 Qe1+ 1/2-1/2

[Event "15th LCC Super Rapid 2025"]
[Site "London ENG"]
[Date "2025.12.07"]
[Round "10.32"]
[White "Yu, Rock"]
[Black "Emms, John M"]
[Result "0-1"]
[BlackTitle "GM"]
[WhiteElo "2055"]
[BlackElo "2412"]
[WhiteFideId "489000"]
[BlackFideId "400254"]
[EventDate "2025.12.06"]

1. c4 e6 2. Nf3 d5 3. g3 d4 4. Bg2 Nc6 5. O-O Bc5 6. d3 Nf6 7. e3 O-O 8. exd4
Nxd4 9. Nc3 h6 10. Be3 c6 11. Rb1 Re8 12. b4 Nxf3+ 13. Qxf3 Bxe3 14. Qxe3 e5 15.
b5 Bd7 16. Rfd1 Qa5 17. d4 exd4 18. Qxd4 Rad8 19. Ne4 Nxe4 20. Bxe4 Bf5 21. Qxd8
Rxd8 22. Rxd8+ Qxd8 23. Bxf5 g6 24. bxc6 bxc6 25. Bc2 Qd4 26. Bb3 Qc5 27. Rd1
Kg7 28. Kg2 h5 29. h4 a5 30. a4 Qb4 31. Rd3 c5 32. Re3 Qd2 33. Re5 Qb4 34. Re3
f6 35. Re7+ Kh6 36. Re3 Qd2 37. Rf3 Kg7 38. Re3 g5 39. hxg5 fxg5 40. Re5 Qb2 41.
Bd1 Qxe5 0-1

[Event "15th LCC Super Rapid 2025"]
[Site "London ENG"]
[Date "2025.12.07"]
[Round "10.33"]
[White "Han, Qixiang"]
[Black "Camacho Collados, Jose"]
[Result "1/2-1/2"]
[BlackTitle "IM"]
[WhiteElo "2104"]
[BlackElo "2364"]
[WhiteFideId "496952"]
[BlackFideId "2265427"]
[EventDate "2025.12.06"]

1. d4 Nf6 2. c4 e6 3. Nf3 Bb4+ 4. Nbd2 O-O 5. e3 Re8 6. a3 Bf8 7. Bd3 c5 8. dxc5
a5 9. b3 Na6 10. Bb2 Nxc5 11. Bc2 b6 12. O-O Bb7 13. Qe2 d6 14. Rfd1 e5 15. Nf1
Qc7 16. Rac1 Rac8 17. Ng3 Qb8 18. b4 axb4 19. axb4 Na6 20. Ba4 Red8 21. Bc3 Nc7
22. Bb3 Ne6 23. h4 Bc6 24. Ng5 Bd7 25. Nh5 Nxg5 26. hxg5 Ne4 27. Be1 Nxg5 28. f4
exf4 29. exf4 Re8 30. Qb2 Ne4 31. Ng3 Bg4 32. Rd4 d5 33. cxd5 Nxg3 34. Bxg3 Re2
35. Rd2 Rxc1+ 36. Qxc1 Re3 37. d6 Rxb3 38. d7 Be7 39. Qe1 Kf8 40. Bh4 f6 41. Qe4
Qc7 42. Qd5 Rb1+ 43. Kh2 Bd8 44. Qe4 Bxd7 45. Rxd7 Qxd7 46. Qxb1 Qd4 47. Qxh7
Qxf4+ 48. Bg3 Qh6+ 49. Qxh6 gxh6 50. b5 Kf7 51. Bf4 h5 52. Kg3 Be7 53. Bc7 Bc5
54. Kh4 Kg6 55. Bd8 Bf2+ 56. g3 Be3 57. Bc7 Bc5 58. Bd8 Bf2 59. Bc7 f5 60. Be5
Be3 61. Bc7 Kh6 62. Bf4+ Bxf4 63. gxf4 Kg6 64. Kg3 Kf6 65. Kh4 Kg6 66. Kg3 Kh7
67. Kh3 Kg7 68. Kg3 Kf7 69. Kh4 Kg6 70. Kg3 1/2-1/2

[Event "15th LCC Super Rapid 2025"]
[Site "London ENG"]
[Date "2025.12.07"]
[Round "10.34"]
[White "Czopor, Maciej"]
[Black "Eames, Robert S"]
[Result "1-0"]
[WhiteTitle "IM"]
[BlackTitle "FM"]
[WhiteElo "2463"]
[BlackElo "2110"]
[WhiteFideId "21805431"]
[BlackFideId "408743"]
[EventDate "2025.12.06"]

1. e4 c5 2. Nf3 Nc6 3. d4 cxd4 4. Nxd4 Nf6 5. Nc3 h5 6. Bf4 d6 7. Nxc6 bxc6 8.
e5 Ng4 9. exd6 exd6 10. h3 Nf6 11. Qf3 d5 12. O-O-O Be6 13. Bd3 Bd6 14. Ne2 Rb8
15. Rhe1 O-O 16. Nd4 Bxf4+ 17. Qxf4 Qb6 18. b3 c5 19. Nxe6 fxe6 20. Qe3 Rfe8 21.
Bg6 Re7 22. g4 d4 23. Qe5 Rd8 24. g5 Nd5 25. Bd3 Nc3 26. Bc4 Nxd1 27. g6 Qd6 28.
Qxh5 Qf4+ 29. Kxd1 Qh6 30. Qxc5 Rde8 31. Qf5 Kh8 32. Rxe6 Rxe6 33. Bxe6 Qh4 34.
Ke2 a5 35. Kf1 Qh6 36. Kg2 Qh4 37. a3 Rd8 38. b4 axb4 39. axb4 1-0

[Event "15th LCC Super Rapid 2025"]
[Site "London ENG"]
[Date "2025.12.07"]
[Round "10.35"]
[White "Manmay Chopra"]
[Black "Batchelor, Mark"]
[Result "1-0"]
[WhiteTitle "CM"]
[WhiteElo "2142"]
[BlackElo "1814"]
[WhiteFideId "25649191"]
[BlackFideId "343452213"]
[EventDate "2025.12.06"]

1. Nf3 d5 2. g3 c5 3. Bg2 Nc6 4. O-O e5 5. d3 Nf6 6. Na3 Bd6 7. e4 d4 8. Nc4 Bc7
9. a4 a6 10. Nh4 Bg4 11. f3 Be6 12. Nf5 O-O 13. Bg5 Bxf5 14. exf5 Qd7 15. Bxf6
gxf6 16. Bh3 Ba5 17. f4 Bc7 18. Qg4+ Kh8 19. Qh4 Qe7 20. Rae1 Rg8 21. Bg2 Rae8
22. Re2 Qd8 23. Bxc6 bxc6 24. fxe5 Bxe5 25. Rfe1 Bc7 26. Rxe8 Rxe8 27. Rxe8+
Qxe8 28. Qxf6+ Kg8 29. Qg5+ Kh8 30. Kf2 Bd8 31. Qf4 Qd7 32. Qe5+ Kg8 33. Qxc5
Bg5 34. h4 Bf6 35. Nd2 Be7 36. Qe5 Bd6 37. Qe4 Qc7 38. Qg4+ Kf8 39. f6 Ke8 40.
Qg8+ Bf8 41. Qxh7 Qd6 42. Qe4+ Kd7 43. Qf5+ Kc7 44. Nc4 Qd8 45. Qa5+ 1-0

[Event "15th LCC Super Rapid 2025"]
[Site "London ENG"]
[Date "2025.12.07"]
[Round "10.36"]
[White "Stephan, Axel"]
[Black "Lebedev, Lion"]
[Result "0-1"]
[WhiteElo "2228"]
[BlackElo "2066"]
[WhiteFideId "4632834"]
[BlackFideId "551005492"]
[EventDate "2025.12.06"]

1. e4 e5 2. Nf3 Nc6 3. Bb5 a6 4. Ba4 Nf6 5. Qe2 Bc5 6. c3 b5 7. Bb3 d6 8. d3 O-O
9. Bg5 h6 10. Bh4 g5 11. Nxg5 hxg5 12. Bxg5 Kg7 13. Qf3 Be6 14. Nd2 a5 15. Nf1
a4 16. Bd5 Bxd5 17. exd5 Nb8 18. Ng3 Nbd7 19. Ne4 Rh8 20. h4 b4 21. Rh3 Rh6 22.
Rg3 Rg6 23. h5 Nxe4 24. h6+ Kh8 25. Bxd8 Bxf2+ 26. Kd1 Bxg3 27. dxe4 Rxd8 28.
cxb4 Bf4 29. Kc2 Rdg8 0-1

[Event "15th LCC Super Rapid 2025"]
[Site "London ENG"]
[Date "2025.12.07"]
[Round "10.37"]
[White "Dishman, Stephen"]
[Black "Sadeghi, Hassan Roger"]
[Result "0-1"]
[WhiteTitle "FM"]
[BlackTitle "CM"]
[WhiteElo "2239"]
[BlackElo "2029"]
[WhiteFideId "403024"]
[BlackFideId "1304712"]
[EventDate "2025.12.06"]

1. Nf3 c5 2. c4 Nf6 3. g3 b6 4. Bg2 Bb7 5. O-O g6 6. Nc3 Bg7 7. d4 cxd4 8. Qxd4
Nc6 9. Qf4 Qb8 10. Rd1 Qxf4 11. Bxf4 Rc8 12. Rac1 Na5 13. b3 Ne4 14. Nxe4 Bxe4
15. Nd2 Bxg2 16. Kxg2 d6 17. Ne4 O-O 18. Bd2 Nc6 19. Bc3 Ne5 20. h3 f5 21. Ng5
Bh6 22. h4 Bxg5 23. hxg5 Nf7 24. f4 h5 25. Kf3 e5 26. Bb4 e4+ 27. Ke3 Rfd8 28.
Rd5 Kf8 29. Rcd1 Ke7 30. a4 a5 31. Bc3 Ke6 32. Bd4 Rc6 33. Rb5 Rb8 34. Bc3 Rc5
35. Rd5 Rcc8 36. Rd1 Rc5 37. Rd5 Rcc8 38. Bd4 Rc6 39. Kd2 Kd7 40. Kc3 Kc7 41.
Kb2 Nd8 42. Bf6 Ne6 43. Ka3 Rc5 44. Rbxc5+ Nxc5 45. Rxd6 Kxd6 46. Be5+ Kc6 47.
Bxb8 Nd7 48. Ba7 Kb7 49. Bxb6 Kxb6 50. b4 axb4+ 51. Kxb4 Nc5 52. a5+ Kc6 53. Kc3
Ne6 54. Kb4 Nd4 55. a6 Nxe2 56. c5 Nd4 57. Kc4 Ne6 58. a7 Nc7 59. Kd4 Na8 60.
Kc4 Nc7 61. Kd4 Nb5+ 62. Ke5 Nxa7 63. Kf6 e3 64. Kxg6 e2 65. Kh7 e1=Q 66. g6
Qxg3 67. g7 h4 0-1